[Event "Police op"]
[Site "Police"]
[Date "1993.??.??"]
[Round "3"]
[White "Skalik, Przemyslaw"]
[Black "Bashkov, Viacheslav"]
[Result "0-1"]
[WhiteElo "2340"]
[BlackElo "2450"]

1.d4 d5 2.Nf3 e6 3.c4 Nf6 4.Nc3 c6 5.e3 Nbd7 6.Qc2 Bd6 7.Be2 O-O 8.O-O Re8
9.Rd1 Qe7 10.h3 b6 11.e4 dxe4 12.Ng5 e5 13.Ncxe4 Nxe4 14.Nxe4 exd4 15.Rxd4 Bc7
16.Ng5 Nf6 17.Be3 h6 18.Nf3 c5 19.Rdd1 Bb7 20.Re1 Nh5 21.Rad1 Qf6 22.Rd7 Qc6
23.Red1 Nf6 24.R7d2 Ne4 25.Rd5 Qg6 26.Rd7 Rac8 27.Bf4 Qc6 28.Bxc7 Rxc7 29.Rxc7 Qxc7
30.Ne1 Ng5 31.Bg4 Ne6 32.Nf3 g6 33.Qd2 f5 34.Qxh6 Qg7 35.Qxg7+ Nxg7 36.Rd7 Bc8
37.Bxf5 Bxd7 38.Bxd7 Re2 39.a4 Rxb2 40.Ne5 Kh7 41.Bb5 Ne6 42.g3 Nd4 43.h4 Nxb5
44.axb5 Kg7 45.Kg2 Kf6 46.Ng4+ Kf5 47.Kf3 Ra2 48.Ne3+ Ke5 49.g4 a5 50.bxa6 Rxa6
51.g5 Ra7 52.Kg4 Rf7 53.Kg3 Rf8 54.f4+ Rxf4 55.Ng4+ Ke4 56.Nf6+ Kf5 57.Nd5 Rg4+
58.Kh3 Rd4 59.Ne7+ Ke6 60.Nxg6 Rxc4 61.Nf8+ Kf5 62.g6 Rg4 63.h5 c4 64.Ne6 Kxe6
65.Kxg4 c3 66.h6 Kf6  0-1

[Event "POR-chT"]
[Site "?"]
[Date "1993.??.??"]
[Round "6"]
[White "Spraggett, Kevin"]
[Black "Antunes, Antonio"]
[Result "1-0"]
[WhiteElo "2565"]
[BlackElo "2425"]

1.d4 d5 2.c4 e6 3.Nf3 Nf6 4.Nc3 c6 5.e3 Nbd7 6.Qc2 Bd6 7.Be2 O-O 8.b3 Re8
9.O-O Qe7 10.Rd1 h6 11.e4 dxe4 12.Nxe4 Nxe4 13.Qxe4 e5 14.c5 exd4 15.Qxe7 Bxe7
16.Nxd4 Bf6 17.Be3 Nxc5 18.Rac1 Ne4 19.Bd3 a5 20.Rc2 Nd6 21.h3 Be7 22.f4 Bf8
23.Kf2 g6 24.Kf3 Bd7 25.Ne2 Be6 26.Nc3 Nf5 27.Bb6 Bg7 28.Bc4 Nh4+ 29.Kf2 Bf5
30.Bd3 Bxd3 31.Rxd3 Re7 32.Bd8 Rxd8 33.Rxd8+ Kh7 34.g4 g5 35.f5 h5 36.Re2 Be5
37.Ne4 Kg7 38.Rd3 hxg4 39.hxg4 Bf4 40.f6+  1-0

[Event "Porz op29"]
[Site "Porz"]
[Date "1993.??.??"]
[Round "2"]
[White "Muehlenhaus, Sven"]
[Black "Stripunsky, Alexander"]
[Result "0-1"]
[WhiteElo "2020"]
[BlackElo "2490"]

1.d4 d5 2.c4 c6 3.Nf3 Nf6 4.Nc3 e6 5.e3 Nbd7 6.Bd3 dxc4 7.Bxc4 b5 8.Bd3 Bb7
9.O-O a6 10.a3 c5 11.Qe2 Qc7 12.Bd2 Bd6 13.h3 Rc8 14.Rad1 O-O 15.e4 cxd4
16.Nxd4 Nc5 17.Bb1 Bh2+ 18.Kh1 Be5 19.Bg5 Rfd8 20.Qe3 h6 21.Bh4 Bf4 22.Qf3 g5
23.Bg3 Qe5 24.Bxf4 gxf4 25.Nde2 Rxd1 26.Rxd1 Ncxe4 27.Nxe4 Bxe4 28.Qxf4 Qxf4
29.Nxf4 Bxb1 30.Rxb1 Rc2 31.f3 Rd2 32.h4 e5 33.Nh3 Nd5 34.Kg1 Ne3 35.Nf2 f5
36.Rc1 Rxb2 37.Rc6 a5 38.Rc5 a4 39.Rxe5 Nc4 40.Rxf5 Nxa3 41.Ng4 Nc4 42.Rd5 h5
43.Rg5+ Kf8 44.Rxh5 a3 45.Rh8+ Ke7 46.Ra8 a2 47.Kh2 b4 48.h5 Na3 49.h6 a1=Q
50.h7 Rb1 51.Nf2 Qe5+ 52.Kh3 Rf1 53.h8=Q Qxh8+ 54.Rxh8 Rxf2 55.Rb8 Nc2 56.Kg3 Rd2
57.f4 Rd8  0-1

[Event "Porz op29"]
[Site "Porz"]
[Date "1993.??.??"]
[Round "3"]
[White "Neverov, Valeriy"]
[Black "Novak, Petr"]
[Result "1-0"]
[WhiteElo "2535"]
[BlackElo "2125"]

1.d4 d5 2.c4 c6 3.Nc3 Nf6 4.e3 e6 5.Nf3 Nbd7 6.Qc2 Bd6 7.b3 O-O 8.Be2 Qe7
9.O-O e5 10.cxd5 e4 11.Nd2 cxd5 12.Nb5 Bb4 13.a3 Ba5 14.b4 Bb6 15.a4 a6 16.Nc3 Rd8
17.Ba3 Nf8 18.b5 Qc7 19.bxa6 bxa6 20.Rfc1 Bg4 21.Bf1 Ne6 22.Rab1 Qa7 23.Be7 Qxe7
24.Rxb6 Rd6 25.a5 Nd7 26.Rxd6 Qxd6 27.Ncxe4 dxe4 28.Qxe4 Rf8 29.Qxg4 f5 30.Qf3 f4
31.Qc6 Qe7 32.Bc4 Rf6 33.Ne4 Rg6 34.Ng5 Nf8 35.exf4 Kh8 36.Nxe6 Nxe6 37.Bxe6 Rxe6
38.Qc8+ Qe8 39.Qxe8+ Rxe8 40.f3  1-0

[Event "Porz op29"]
[Site "Porz"]
[Date "1993.??.??"]
[Round "3"]
[White "Matthaei, Alexander"]
[Black "Bach, Thorsten"]
[Result "1-0"]
[WhiteElo "2260"]
[BlackElo "1930"]

1.Nf3 d5 2.c4 c6 3.d4 Nf6 4.Nc3 e6 5.e3 Nbd7 6.Bd3 Be7 7.O-O O-O 8.b3 b6
9.Bb2 Bb7 10.Qe2 c5 11.Rad1 cxd4 12.exd4 Re8 13.Ne5 Bd6 14.f4 dxc4 15.bxc4 Re7
16.g4 Nf8 17.g5 N6d7 18.Ne4 Bc7 19.Qh5 f5 20.gxf6 Nxf6 21.Nxf6+ gxf6 22.Ng4 Rg7
23.Kf2 Bxf4 24.Rg1 f5 25.Nh6+ Bxh6 26.Qxh6 Rg6 27.Rxg6+ Nxg6 28.d5 e5 29.Rg1 Qf6
30.h4 Kh8 31.h5 Qh4+ 32.Kf1 Qh3+ 33.Ke1 Qh4+ 34.Kd1 Rg8 35.Rxg6 Qh1+ 36.Kc2 Qh2+
37.Kb3 Rxg6 38.Qf8+ Rg8 39.Qf6+ Rg7 40.Bxe5  1-0

[Event "Protvino zt"]
[Site "Protvino"]
[Date "1993.??.??"]
[Round "?"]
[White "Anastasian, Ashot"]
[Black "Nalbandian, Tigran"]
[Result "1-0"]
[WhiteElo "2470"]
[BlackElo "2405"]

1.d4 d5 2.c4 c6 3.Nc3 Nf6 4.Nf3 e6 5.e3 Nbd7 6.Qc2 Bd6 7.b3 O-O 8.Be2 Re8
9.Bb2 Qe7 10.O-O b6 11.e4 Nxe4 12.Nxe4 dxe4 13.Qxe4 Bb7 14.Bd3 Nf6 15.Qh4 h6
16.Rae1 Red8 17.Re4 Nh7 18.Qh3 Ng5 19.Nxg5 Qxg5 20.Rfe1 c5 21.d5 Bf4 22.g3 Bc8
23.Qg2 Bb8 24.h4 Qd2 25.Bxg7 Kxg7 26.Qf3 f5 27.Rxe6 Bxe6 28.Rxe6 Rd6 29.Re7+ Kf6
30.Re2 Qc1+ 31.Kg2 Kg7 32.Bxf5 h5 33.Re7+ Kf6 34.Rh7 Rd8 35.Bd3+ Bf4 36.Qxh5 Bg5
37.Qg6+ Ke5 38.Qe4+  1-0

[Event "Protvino zt"]
[Site "Protvino"]
[Date "1993.??.??"]
[Round "?"]
[White "Bagaturov, Giorgi"]
[Black "Anastasian, Ashot"]
[Result "1/2-1/2"]
[WhiteElo "2485"]
[BlackElo "2470"]

1.d4 d5 2.Nf3 c6 3.c4 Nf6 4.Nc3 e6 5.e3 Nbd7 6.Bd3 Bd6 7.e4 dxe4 8.Nxe4 Nxe4
9.Bxe4 e5 10.O-O exd4 11.Qxd4 Qf6 12.Rd1 Qxd4 13.Nxd4 Bc7 14.Nf5 g6 15.Nd6+ Bxd6
16.Rxd6 Nc5 17.Bf3 Be6 18.Bg5 O-O 19.Rc1 Bf5 20.Rd2 Ne4 21.Bxe4 Bxe4  1/2-1/2

[Event "Protvino zt"]
[Site "Protvino"]
[Date "1993.??.??"]
[Round "?"]
[White "Bagaturov, Giorgi"]
[Black "Nalbandian, Tigran"]
[Result "1-0"]
[WhiteElo "2485"]
[BlackElo "2405"]

1.d4 d5 2.Nf3 Nf6 3.c4 c6 4.Nc3 e6 5.e3 Nbd7 6.Bd3 dxc4 7.Bxc4 b5 8.Bd3 Bb7
9.e4 b4 10.Na4 c5 11.e5 Nd5 12.O-O h6 13.Qe2 Qa5 14.Nxc5 Bxc5 15.dxc5 Nxc5
16.Bb5+ Ke7 17.Nd4 Qc7 18.Be3 a6 19.Rac1 Nxe3 20.Qxe3 axb5 21.Rxc5 Qd7 22.Nxb5 Rhc8
23.Nd6 Rc6 24.Rfc1 Raa6 25.Nxb7 Qxb7 26.Qf3  1-0

[Event "Protvino zt"]
[Site "Protvino"]
[Date "1993.??.??"]
[Round "?"]
[White "Kacheishvili, Giorgi"]
[Black "Supatashvili, Khvicha"]
[Result "1/2-1/2"]
[WhiteElo "2395"]
[BlackElo "2450"]

1.d4 e6 2.Nf3 d5 3.c4 c6 4.Nc3 Nf6 5.e3 Nbd7 6.Qc2 Bd6 7.Be2 O-O 8.O-O dxc4
9.Bxc4 b5 10.Be2 Bb7 11.e4 e5 12.dxe5  1/2-1/2

[Event "Protvino zt"]
[Site "Protvino"]
[Date "1993.??.??"]
[Round "?"]
[White "Lputian, Smbat G"]
[Black "Anastasian, Ashot"]
[Result "1/2-1/2"]
[WhiteElo "2610"]
[BlackElo "2470"]

1.d4 d5 2.c4 c6 3.Nc3 Nf6 4.e3 e6 5.Nf3 Nbd7 6.Qc2 Bd6 7.b3 O-O 8.Be2 e5
9.cxd5 cxd5 10.Nb5 Bb4+ 11.Bd2 Bxd2+ 12.Nxd2 e4 13.O-O a6 14.Nc3 Nb6 15.a4 Be6
16.a5 Nc8 17.b4 Ne7 18.Nb3 Nf5 19.Rfb1 Nh4 20.Nc5 Nd7 21.Qd1 Qg5 22.g3 Nf6
23.b5 Bh3 24.bxa6 bxa6 25.Rb6 Qf5 26.Rxf6 gxf6 27.Rb1 Kh8 28.Rb6 Rg8 29.Nb7 Rac8
30.Nc5 Bg4 31.Bxg4 Rxg4 32.Qf1 Nf3+ 33.Kh1 Rcg8 34.Ne2 Nd2 35.Qg2 Nc4 36.Rb7 Qf3
37.Qxf3 exf3 38.Nf4 Nxa5 39.Rxf7 Nc4 40.h3 R4g7 41.Rxf6 a5 42.Nxd5 Ra8 43.Na4 Rb7
44.Rxf3 Nb2 45.Nc5 Rg7 46.e4 a4 47.Ra3 Nc4 48.Ra2 a3 49.Nb4 Rb8 50.Nca6 Rgb7
51.Nxb8 Rxb4 52.Nc6 Rb2 53.Ra1 a2 54.Kg2 Ne3+ 55.Kf3 Nc2 56.Rxa2 Rxa2 57.d5 Ra4
58.Kf4 Kg7 59.d6 Nb4 60.Nxb4 Rxb4 61.Kf5 Kf7 62.e5 Rb3 63.e6+ Ke8  1/2-1/2

[Event "Ptuj"]
[Site "Ptuj"]
[Date "1993.??.??"]
[Round "?"]
[White "Zheliandinov, Viktor"]
[Black "Polajzer, Danilo"]
[Result "0-1"]
[WhiteElo "2390"]
[BlackElo "2450"]

1.d4 d5 2.c4 c6 3.Nc3 Nf6 4.Nf3 e6 5.e3 Nbd7 6.Bd3 dxc4 7.Bxc4 b5 8.Bd3 a6
9.e4 c5 10.d5 c4 11.dxe6 fxe6 12.Bc2 Qc7 13.Ng5 Nc5 14.f4 h6 15.Nf3 Bb7 16.e5 Nfe4
17.O-O Nd3 18.Bxd3 Bc5+ 19.Kh1 cxd3 20.Nxe4 Bxe4 21.Qe1 Qb7 22.Be3 Bxe3 23.Qxe3 O-O
24.Rae1 Bd5 25.b3 Rac8 26.Rf2 Rc2 27.Nd2 Rxa2 28.Kg1 a5 29.f5 Rxf5 30.Rxf5 exf5
31.e6 Be4 32.g4 Bh1 33.Qf2 Qg2+ 34.Qxg2 Bxg2 35.e7 Bc6  0-1

[Event "Ptuj"]
[Site "Ptuj"]
[Date "1993.??.??"]
[Round "?"]
[White "Petrosian, Arshak B"]
[Black "Polajzer, Danilo"]
[Result "1/2-1/2"]
[WhiteElo "2485"]
[BlackElo "2450"]

1.d4 d5 2.c4 c6 3.Nf3 Nf6 4.e3 e6 5.Nc3 Nbd7 6.Qc2 Bd6 7.e4 e5 8.cxd5 cxd5
9.exd5 O-O 10.Be2 exd4 11.Nxd4 Nb6 12.O-O Nbxd5 13.Nxd5 Nxd5 14.Rd1 Qe7 15.Bf3 Re8
16.g3 Bh3 17.Bd2 Be5 18.Bxd5 Bxd4 19.Bc3 Bxc3 20.Qxc3 Rac8  1/2-1/2

[Event "Ptuj-B"]
[Site "Ptuj"]
[Date "1993.??.??"]
[Round "2"]
[White "Vegh, Endre"]
[Black "Crepan, Marjan"]
[Result "1/2-1/2"]
[WhiteElo "2380"]
[BlackElo "2300"]

1.d4 d5 2.c4 c6 3.e3 Nf6 4.Nc3 e6 5.Nf3 Nbd7 6.Qc2 Be7 7.b3 O-O 8.Be2 a6
9.a4 b6 10.O-O Bb7 11.Bb2 Rc8 12.Rad1 Qc7 13.e4 dxe4 14.Nxe4 c5 15.Nxf6+ Nxf6
16.dxc5  1/2-1/2

[Event "Ptuj-B"]
[Site "Ptuj"]
[Date "1993.??.??"]
[Round "5"]
[White "Zsinka, Laszlo"]
[Black "Markovic, Gordana"]
[Result "1/2-1/2"]
[WhiteElo "2325"]
[BlackElo "2240"]

1.d4 d5 2.c4 c6 3.Nf3 Nf6 4.Nc3 e6 5.e3 Nbd7 6.Bd3 dxc4 7.Bxc4 b5 8.Be2 Be7
9.Qc2 Bb7 10.e4 b4 11.Na4 c5 12.e5 Nd5 13.Nxc5 Nxc5 14.dxc5 Qa5 15.c6 Ba6
16.Nd4 Rc8 17.O-O Bxe2 18.Qxe2 Qb6 19.Qg4 Kf8 20.Be3 Qc7 21.Nxe6+ fxe6 22.Qxe6 Qxc6
23.Qf5+ Ke8 24.Rac1 Nc3 25.bxc3 bxc3 26.Rc2 g6 27.Qd3 Kf7 28.Bd4 Rhd8 29.Rxc3 Qxc3
30.e6+ Ke8 31.Qxc3 Rxc3 32.Bxc3 Rd3 33.Be5 Bc5 34.Bf6 Rd6 35.Bc3 Rd3 36.Bf6 Rd6
37.Bc3 Rd3  1/2-1/2

[Event "Pula tt"]
[Site "Pula"]
[Date "1993.??.??"]
[Round "?"]
[White "Franic, Milan"]
[Black "Mufic, Goran"]
[Result "1/2-1/2"]
[WhiteElo "2385"]
[BlackElo "2335"]

1.d4 d5 2.c4 c6 3.Nf3 Nf6 4.Nc3 e6 5.e3 Nbd7 6.Qc2 Bd6 7.Be2 O-O 8.O-O Qe7
9.e4 dxe4 10.Nxe4 Nxe4 11.Qxe4 e5 12.dxe5 Nxe5 13.Be3 Nxf3+ 14.Bxf3 Qxe4
15.Bxe4 Be5 16.Rab1 f5 17.Bf3 Be6 18.b3 Rfd8 19.g3 Bd4 20.Rfe1 Kf7 21.Bg5 Rd7
22.h4 h6 23.Bf4 Kf6 24.Kg2 Rad8 25.Re2 Bf7  1/2-1/2

[Event "CRO-Cup"]
[Site "Pula"]
[Date "1993.??.??"]
[Round "3"]
[White "Kozul, Zdenko"]
[Black "Zaja, Ivan"]
[Result "1/2-1/2"]
[WhiteElo "2550"]
[BlackElo "2395"]

1.d4 d5 2.c4 c6 3.Nf3 Nf6 4.Nc3 e6 5.e3 Nbd7 6.Bd3 dxc4 7.Bxc4 b5 8.Bd3 a6
9.e4 c5 10.d5 c4 11.dxe6 cxd3 12.exd7+ Qxd7 13.O-O Bb7 14.Re1 Be7 15.e5 Nd5
16.Ne4 O-O 17.Qxd3 Qg4 18.a3 Rad8 19.Ng3 f5 20.h3 Qg6 21.Qe2 Bc5 22.Kh2 Qb6
23.Rf1 b4 24.axb4 Nxb4 25.Nh5 a5 26.Qc4+ Bd5 27.Qh4 Nd3 28.Qg5 Qg6 29.Rxa5 Bxf3
30.gxf3 Bd4 31.Qxg6 hxg6 32.e6 Rc8 33.Bg5 gxh5 34.Rd5 Ne5 35.Kg2 Bxb2 36.Rb1 Nc4
37.e7 Rfe8 38.Rd8 Bf6 39.Bxf6 gxf6 40.Rbd1 Nb6 41.R1d6 Nc4  1/2-1/2

[Event "CRO-Cup"]
[Site "Pula"]
[Date "1993.??.??"]
[Round "4"]
[White "Grdinic, Zvonimir"]
[Black "Zaja, Ivan"]
[Result "1-0"]
[WhiteElo "2410"]
[BlackElo "2395"]

1.d4 d5 2.c4 c6 3.Nc3 Nf6 4.Nf3 e6 5.e3 Nbd7 6.Bd3 dxc4 7.Bxc4 b5 8.Bd3 a6
9.O-O c5 10.a4 b4 11.Ne4 Bb7 12.Nxf6+ Nxf6 13.dxc5 Ne4 14.c6 Bxc6 15.Ne5 Bd5
16.Qe2 Bd6 17.Nf3 Qa5 18.Rd1 Bc7 19.Nd2 Nxd2 20.Bxd2 Be5 21.Be1 Bb3 22.Rdc1 O-O
23.Bxh7+ Kxh7 24.Qd3+ g6 25.Qxb3 Bd6 26.Rc4 Qh5 27.g3 Qf3 28.Qd1 Qxd1 29.Rxd1 Be5
30.Rxb4 Rab8 31.Rxb8 Rxb8 32.b4  1-0

[Event "CRO-Cup"]
[Site "Pula"]
[Date "1993.??.??"]
[Round "6"]
[White "Kovacevic, Blazimir"]
[Black "Petrov, Jole"]
[Result "1-0"]
[WhiteElo "2290"]
[BlackElo "2360"]

1.d4 d5 2.c4 e6 3.Nc3 c6 4.e3 Nf6 5.Nf3 Nbd7 6.Qc2 Bd6 7.Be2 O-O 8.O-O dxc4
9.Bxc4 a6 10.Rd1 Qc7 11.Ne4 Nxe4 12.Qxe4 Nf6 13.Qh4 e5 14.e4 exd4 15.e5 Bxe5
16.Re1 Bd6 17.Bd3 Be7 18.Bg5 h5 19.Re5 Bg4 20.Rae1 Bd8 21.h3 Bxf3 22.gxf3 Qd6
23.Bxf6 Qxf6 24.Qxh5 g6 25.Qg4 Qh4 26.Qg2 Bf6 27.R5e4 Qh5 28.f4 Kh8 29.Kh1 Rg8
30.Bc4 Raf8 31.a4 g5 32.f5 Rg7 33.Rg4 Rh7 34.Kh2 Rd8 35.Ree4 Qh6 36.Bd3 Qg7
37.h4 Qh6 38.Kg1 gxh4 39.Qh2 Qc1+ 40.Bf1 d3 41.Qc7 h3 42.Qxd8+  1-0

[Event "CRO-Cup"]
[Site "Pula"]
[Date "1993.??.??"]
[Round "8"]
[White "Sokolov, Ivan"]
[Black "Zaja, Ivan"]
[Result "1-0"]
[WhiteElo "2640"]
[BlackElo "2395"]

1.d4 d5 2.c4 c6 3.Nc3 Nf6 4.e3 e6 5.Nf3 Nbd7 6.Bd3 dxc4 7.Bxc4 b5 8.Be2 a6
9.O-O Bb7 10.e4 c5 11.e5 Nd5 12.a4 Nxc3 13.bxc3 c4 14.Ng5 Nb6 15.Bh5 g6 16.Bf3 Bd5
17.Ne4 Bxe4 18.Bxe4 Nd5 19.Qf3 Bg7 20.axb5 axb5 21.Bg5 f6 22.Rxa8 Qxa8 23.exf6 Bxf6
24.Bxd5  1-0

[Event "CRO-Cup"]
[Site "Pula"]
[Date "1993.??.??"]
[Round "8"]
[White "Kovacevic, Blazimir"]
[Black "Golubovic, Boris"]
[Result "1-0"]
[WhiteElo "2290"]
[BlackElo "2290"]

1.d4 d5 2.c4 e6 3.Nc3 c6 4.e3 Nf6 5.Nf3 Nbd7 6.Qc2 Bd6 7.Be2 O-O 8.O-O Qe7
9.e4 dxe4 10.Nxe4 Nxe4 11.Qxe4 e5 12.Re1 f5 13.Qc2 e4 14.c5 Bb8 15.Bc4+ Kh8
16.Ng5 Nf6 17.Qb3 Nd5 18.f3 h6 19.fxe4 hxg5 20.Qh3+ Kg8 21.Bxg5 Qxg5 22.exd5 Qh6
23.Qxh6 gxh6 24.dxc6+ Kh8 25.Bd5 Bf4 26.cxb7 Bxb7 27.Bxb7 Rab8 28.c6 Rf7
29.d5 Kg7 30.b4 Rd8 31.Rad1 Bd6 32.b5 f4 33.Rd3 h5 34.Re6 Bc5+ 35.Kf1 Rd6
36.Bc8 Rc7 37.Rxd6 Bxd6 38.Bd7 Kf6 39.a4  1-0

[Event "Purmerend"]
[Site "Purmerend"]
[Date "1993.??.??"]
[Round "1"]
[White "Barsov, Alexei"]
[Black "Stern, Rene"]
[Result "1/2-1/2"]
[WhiteElo "2440"]
[BlackElo "2345"]

1.d4 d5 2.c4 e6 3.Nf3 Nf6 4.Nc3 c6 5.e3 Be7 6.Bd3 O-O 7.e4 dxe4 8.Nxe4 c5
9.Nxc5 Bxc5 10.dxc5 e5 11.Nxe5 Qa5+ 12.Qd2 Qxc5 13.Qe3 Qb4+ 14.Bd2 Qxb2 15.Rb1 Qxa2
16.O-O Qa6 17.c5 Qe6 18.Bc4 Ng4 19.Bxe6 Nxe3 20.Bxf7+ Rxf7 21.Bxe3 Re7 22.Rfd1 Nc6
23.Nc4 Bg4 24.Rd2 a5 25.Bg5 Rc7 26.Rdb2 a4 27.Ra1 Ra6 28.Rb6 Ra7 29.Nd6 Be2
30.Re1 h6 31.Rxe2 hxg5 32.h4 Re7 33.Ra2 gxh4 34.Kh2 Re5 35.Rxb7 Ra8 36.Nc4 Rxc5
37.Nb6 Raa5 38.Rxa4 Rxa4 39.Nxa4 Rf5 40.f3 Nd4  1/2-1/2

[Event "Purmerend"]
[Site "Purmerend"]
[Date "1993.??.??"]
[Round "2"]
[White "Pliester, Leon"]
[Black "Nikolic, Nebojsa"]
[Result "1-0"]
[WhiteElo "2385"]
[BlackElo "2440"]

1.d4 d5 2.Nf3 Nf6 3.c4 e6 4.Nc3 c6 5.e3 Nbd7 6.Bd3 dxc4 7.Bxc4 b5 8.Be2 Bb7
9.e4 b4 10.e5 bxc3 11.exf6 cxb2 12.fxg7 bxa1=Q 13.gxh8=Q Qa5+ 14.Nd2 Qf5
15.Nc4 O-O-O 16.O-O Qxa2 17.Bd3 Qd5 18.Ne3 Qg5 19.Qxh7 Qg7 20.Qdh5 Qxh7 21.Qxh7 e5
22.Bc4 Qa5 23.Qxf7 exd4 24.Nf5 Bc5 25.Bg5 Rf8 26.Qe6 Qc7 27.g3 Qe5 28.Qxe5 Nxe5
29.Be6+ Nd7 30.Rb1 Ba6 31.Rc1 Re8 32.Ng7 Rxe6 33.Nxe6 Bb6 34.h4 Kb7 35.h5 c5
36.Be7 d3 37.h6 c4 38.h7 d2 39.Ra1 c3 40.h8=Q c2 41.Qh1+ Kc8 42.Qc6+  1-0

[Event "Purmerend"]
[Site "Purmerend"]
[Date "1993.??.??"]
[Round "6"]
[White "Maiwald, Jens Uwe"]
[Black "Stern, Rene"]
[Result "1/2-1/2"]
[WhiteElo "2400"]
[BlackElo "2345"]

1.c4 e6 2.Nf3 d5 3.d4 Nf6 4.Nc3 c6 5.e3 Nbd7 6.Qc2 Be7 7.b3 O-O 8.Be2 b6
9.O-O Bb7 10.Bb2 dxc4 11.bxc4 c5 12.Rfd1 cxd4 13.exd4 Qc7 14.Nb5  1/2-1/2

[Event "Quebec Inv"]
[Site "Quebec"]
[Date "1993.??.??"]
[Round "9"]
[White "Schleifer, Michael"]
[Black "Leveille, Francois"]
[Result "1/2-1/2"]
[WhiteElo "2285"]
[BlackElo "2345"]

1.d4 d5 2.c4 c6 3.Nc3 Nf6 4.Nf3 e6 5.e3 Nbd7 6.a3 Bd6 7.Bd3 O-O 8.O-O Qe7
9.e4 dxc4 10.Bxc4 e5 11.Bg5 exd4 12.Nxd4 Nb6 13.Bd3 Bxh2+ 14.Kxh2 Qe5+ 15.f4 Qxd4
16.e5 Ng4+ 17.Kh1 Kh8 18.Qe2 Qe3 19.Qxe3 Nxe3 20.Rfe1 Ng4 21.Kg1 Bd7 22.Bh4 Rae8
23.Ne4 Nd5 24.Bg3 Bf5 25.Rad1 Re7 26.Nd6 Bxd3 27.Rxd3 f5 28.exf6 Rxe1+ 29.Bxe1 Nxf4
30.fxg7+ Kxg7 31.Bc3+ Kg6 32.Rf3 b6 33.Bd2 Ne6 34.Rxf8 Nxf8 35.Nc8 Kf5 36.Nxa7 c5
37.Kf1 Ke4 38.Ke2 Ne6 39.Nc8 Nd4+ 40.Kd1 Nf2+ 41.Ke1 Nd3+ 42.Kf1 b5 43.Bc3 Nf5
44.Ke2 Nf4+ 45.Kf2 h5 46.Bf6 Nd5 47.Bh8 c4 48.Na7 Nd6 49.Bg7 Ne3 50.Bf8 Nef5
51.g3 Kd3 52.Kf3 Nd4+ 53.Kf4 Ne4 54.Bb4 Ne2+ 55.Kf3 Nd4+ 56.Kf4 Ne6+ 57.Kf3 N4g5+
58.Kg2 Nd4 59.Bc3 Nge6 60.Kh3 Nc7 61.Kh4 Nf5+ 62.Kxh5 Nxg3+ 63.Kg4 Nf1 64.Kf5 Ne3+  1/2-1/2

[Event "Keres mem"]
[Site "Rakvere"]
[Date "1993.??.??"]
[Round "2"]
[White "Wojtkiewicz, Aleksander"]
[Black "Khalifman, Alexander"]
[Result "1-0"]
[WhiteElo "2570"]
[BlackElo "2645"]

1.Nf3 Nf6 2.c4 c6 3.Nc3 d5 4.e3 e6 5.d4 Nbd7 6.Qc2 Bd6 7.g4 h6 8.h3 e5 9.cxd5 cxd5
10.dxe5 Nxe5 11.Nxe5 Bxe5 12.Bd2 O-O 13.Bg2 Be6 14.f4 Bxc3 15.Bxc3 Ne4 16.O-O Nxc3
17.Qxc3 f6 18.Rad1 Re8 19.Qb3 Qb6 20.Qxb6 axb6 21.a3 Rac8 22.Rd2 Rc5 23.Rfd1 Rec8
24.Kf2 Rc2 25.Ke2 Kf8 26.Rxc2 Rxc2+ 27.Rd2 Rxd2+ 28.Kxd2 Ke7 29.Kc3 Kd6 30.a4 g5
31.Kd4 Bf7 32.Bf3 Be6 33.f5 Bf7 34.b4 Be8 35.b5 Bf7 36.Bd1 Bg8 37.Bb3 Bf7
38.e4 Bg8 39.Ba2 Bf7 40.Bxd5 Bxd5 41.exd5 Kc7 42.Kc3 Kd6 43.Kc4 Ke5 44.a5 bxa5
45.Kc5 a4 46.d6 b6+ 47.Kc6 a3 48.d7 a2 49.d8=Q a1=Q 50.Qd6+ Ke4 51.Kxb6 Kf3
52.Kb7 Kg2 53.Qd3 Qc1 54.b6 Qc5 55.Qb3 Kh2 56.Qf3 Qd4 57.Qc6 Kxh3 58.Kc8 Qb4
59.b7 Qf8+ 60.Kd7 Kxg4 61.Qc8  1-0

[Event "Ramat Hasharon"]
[Site "Ramat Hasharon"]
[Date "1993.??.??"]
[Round "2"]
[White "Teplitsky, Yan"]
[Black "Boim, Inon"]
[Result "1/2-1/2"]
[WhiteElo "2375"]
[BlackElo "2365"]

1.Nf3 d5 2.c4 c6 3.e3 Nf6 4.Nc3 e6 5.d4 Bd6 6.Bd3 Nbd7 7.O-O dxc4 8.Bxc4 O-O
9.e4 e5 10.Bg5 Qe7 11.d5 Rd8 12.dxc6 bxc6 13.Qe2 h6 14.Bd2 Nb6 15.Ba6 Bg4
16.Rfd1 Rab8 17.h3 Bh5 18.g4 Bg6 19.Nh4 Nfd7 20.Nf5 Bxf5 21.exf5 Nc5 22.Ne4 Nxe4
23.Qxe4 Nd5 24.b3 Qh4 25.Qg2 Nf4 26.Bxf4 exf4 27.Qf3 Qf6 28.Rac1 c5 29.Rd5 Be7
30.Bc4  1/2-1/2

[Event "PAN-chJ"]
[Site "Rancagua"]
[Date "1993.??.??"]
[Round "3"]
[White "Silva, Sebastain"]
[Black "Rojas, Luis"]
[Result "1/2-1/2"]
[WhiteElo "2350"]
[BlackElo "2310"]

1.d4 Nf6 2.Nf3 d5 3.c4 c6 4.Nc3 e6 5.e3 Nbd7 6.Bd3 dxc4 7.Bxc4 b5 8.Be2 Bb7
9.O-O Be7 10.a3 O-O 11.e4 a6 12.b4 a5 13.e5 Nd5 14.Nxd5 cxd5 15.Bd2 axb4
16.Bxb4 Bxb4 17.axb4 Bc6 18.Qc2 Rc8 19.Bd3 h6 20.Qe2 Qe7 21.Rfb1 Nb6 22.Bxb5 Bxb5
23.Qxb5 Nc4 24.Qa4 Rb8 25.Qa7 Rb7 26.Qc5 Qd7 27.b5 Rfb8 28.g3 Rxb5 29.Rxb5 Qxb5
30.Qxb5 Rxb5 31.Ra8+ Kh7 32.Ra7 Kg8 33.Ra8+  1/2-1/2

[Event "ISD-FRA"]
[Site "Reykjavik"]
[Date "1993.??.??"]
[Round "3"]
[White "Olafsson, Helgi"]
[Black "Dorfman, Josif D"]
[Result "1/2-1/2"]
[WhiteElo "2270"]
[BlackElo "2580"]

1.d4 d5 2.c4 e6 3.Nf3 c6 4.e3 Nf6 5.Nc3 Nbd7 6.Bd3 dxc4 7.Bxc4 b5 8.Bd3 Bb7
9.e4 b4 10.Na4 c5 11.e5 Nd5 12.O-O h6 13.Bd2 Rc8 14.Qe2 Bc6 15.b3 Bxa4 16.bxa4 cxd4
17.Nxd4 Bc5 18.Nb3 Be7 19.Bc4 O-O 20.Bxd5 exd5 21.Rad1 Nb6 22.a5 Na4 23.Qb5 Nb2
24.Rb1 Nc4 25.Bxb4  1/2-1/2

[Event "LAT-ch"]
[Site "Riga"]
[Date "1993.??.??"]
[Round "?"]
[White "Kupruks, Raimonds"]
[Black "Fridman, Daniel"]
[Result "1/2-1/2"]
[WhiteElo "2175"]
[BlackElo "2380"]

1.d4 d5 2.c4 c6 3.Nf3 Nf6 4.Nc3 e6 5.e3 Nbd7 6.Bd3 dxc4 7.Bxc4 b5 8.Bd3 a6
9.e4 c5 10.e5 cxd4 11.Nxb5 Ng4 12.Qa4 Bb7 13.Nbxd4 Qb6 14.O-O Bc5 15.h3 Bxf3
16.hxg4 Bd5 17.Nb3 O-O 18.Qxd7 Bxb3 19.Bxh7+ Kxh7 20.Qd3+ Kg8 21.Qxb3 Qxb3
22.axb3 Rfb8  1/2-1/2

[Event "ROM-chT"]
[Site "ROM"]
[Date "1993.??.??"]
[Round "1"]
[White "Anapolsky, Sergey"]
[Black "Ceteras, Marius"]
[Result "1/2-1/2"]
[WhiteElo "2385"]
[BlackElo "2335"]

1.d4 d5 2.c4 c6 3.Nc3 Nf6 4.e3 e6 5.Nf3 Nbd7 6.Bd3 dxc4 7.Bxc4 b5 8.Be2 Bb7
9.O-O b4 10.Na4 Be7 11.a3 bxa3 12.b3 O-O 13.Bxa3 Bxa3 14.Rxa3 Qe7 15.Qc1 a5
16.Ra2 Ne4 17.Nd2 Nxd2 18.Rxd2 Qb4 19.Rc2 Qxb3 20.Rb2 Qxa4 21.Rxb7 Nf6 22.Qb2 c5
23.dxc5 Qc6 24.Rc1 Nd5 25.Qb5 Rfc8 26.Qxc6 Rxc6 27.Bb5 Rc7 28.c6 Rac8 29.Rc5 Kf8
30.e4 Nb4 31.f4 Ke7 32.e5 Kd8 33.Ba4 Rxb7 34.cxb7 Rb8 35.Rxa5 Kc7 36.Rc5+ Kxb7
37.Rb5+ Kc7 38.Rxb8 Kxb8 39.Be8 f6 40.exf6 gxf6 41.Bf7 Nd3 42.Bxe6 Nxf4  1/2-1/2

[Event "ROM-chT"]
[Site "ROM"]
[Date "1993.??.??"]
[Round "6"]
[White "Breahna, Radu"]
[Black "Danilov, Vladimir"]
[Result "1/2-1/2"]
[WhiteElo "2335"]
[BlackElo "2325"]

1.d4 d5 2.c4 e6 3.Nc3 c6 4.Nf3 Nf6 5.e3 Nbd7 6.Qc2 Bd6 7.Be2 O-O 8.O-O dxc4
9.Bxc4 e5 10.h3 exd4 11.exd4 Nb6 12.Bb3 Re8 13.Ng5 Nbd5 14.Nxd5 cxd5 15.Nf3 h6  1/2-1/2

[Event "ROM-chT"]
[Site "ROM"]
[Date "1993.??.??"]
[Round "7"]
[White "Marin, Mihail"]
[Black "Nicula, Marius"]
[Result "1/2-1/2"]
[WhiteElo "2515"]
[BlackElo "2300"]

1.d4 d5 2.c4 c6 3.Nc3 Nf6 4.e3 e6 5.Nf3 Nbd7 6.Qc2 Bd6 7.g4 a6 8.g5 Nh5 9.Bd2 O-O
10.O-O-O Qe7 11.c5 Bc7 12.Bd3 g6 13.Ne2 e5 14.Nxe5 Bxe5 15.dxe5 Nxc5 16.Ng3 Bg4
17.Rdf1 Bf3 18.Nxh5 Bxh5 19.f3 Nxd3+ 20.Qxd3 Qe6 21.Kb1 c5 22.Ka1 Rfd8 23.Bc3 b5  1/2-1/2

[Event "ROM-chT"]
[Site "ROM"]
[Date "1993.??.??"]
[Round "8"]
[White "Popescu, Fabian"]
[Black "Ceteras, Marius"]
[Result "0-1"]
[WhiteElo "2225"]
[BlackElo "2335"]

1.d4 d5 2.c4 c6 3.Nf3 Nf6 4.Nc3 e6 5.e3 Nbd7 6.Qc2 Bd6 7.Bd2 O-O 8.O-O-O b5
9.cxb5 c5 10.e4 Bb7 11.exd5 Nxd5 12.Ne4 Be7 13.dxc5 Nxc5 14.Nxc5 Bxc5 15.Ng5 g6
16.Ne4 Be7 17.Kb1 Rc8 18.Qb3 Qb6 19.f3 Rfd8 20.Bc4 Qd4 21.Bg5 Qe5 22.Bxe7 Nxe7
23.Nc3 Rxd1+ 24.Rxd1 Nf5 25.f4 Qf6 26.Rd7 Bxg2 27.a3 Ne3 28.Bd3 Qxf4 29.Qa4 Qf2
30.Qxa7 Qe1+ 31.Ka2 Nd5 32.Nxd5 Bxd5+ 33.Rxd5 exd5 34.Qd4 Qa5 35.Qxd5 Rd8
36.Qb3 Kg7 37.Bc4 f6 38.Qc3 Qc7 39.a4 Qxh2 40.a5 Qd6 41.Kb3 h5 42.Qb4 Qe5
43.b6 h4 44.a6 h3 45.b7 h2 46.Ka2 h1=Q 47.a7 Rb8 48.axb8=Q Qxb8 49.Qe7+ Kh6
50.Qxf6 Qhh2 51.Bd3 Qhd6 52.Qh4+ Kg7 53.Qe4 Qbc7 54.Kb1 Qdb6 55.b8=Q Qcxb8
56.Qe7+ Kh8 57.Qh4+ Kg7 58.Qe7+ Kh8 59.Qh4+ Kg8 60.Bc4+ Kf8 61.Qh8+ Ke7 62.Qg7+ Kd6
63.Qxg6+ Kc5 64.Qc2 Qg3 65.Bd3+ Kd6 66.Qd2 Ke7 67.Bc2 Qge3 68.Qd5 Qg1+ 69.Bd1 Qbg6+  0-1

[Event "ROM-chT"]
[Site "ROM"]
[Date "1993.??.??"]
[Round "8"]
[White "Grunberg, Mihai"]
[Black "Szuhanek, Ranko"]
[Result "1-0"]
[WhiteElo "2205"]
[BlackElo "2235"]

1.Nf3 Nf6 2.c4 c6 3.Nc3 d5 4.e3 e6 5.d4 Nbd7 6.Bd3 dxc4 7.Bxc4 b5 8.Bd3 b4
9.Ne4 c5 10.dxc5 Nxc5 11.Bb5+ Bd7 12.Bxd7+ Qxd7 13.Nxf6+ gxf6 14.Qxd7+ Kxd7
15.Ke2 e5 16.Rd1+ Ke6 17.Bd2 a5 18.Rac1 Rg8 19.g3 Be7 20.Rc4 f5 21.a3 Rg4
22.Rc2 bxa3 23.bxa3 Ra4 24.Bc1 Rb8 25.Ng5+ Kf6 26.f4 e4 27.Bb2+ Kg6 28.h4 f6
29.h5+ Kg7 30.Bd4 Nb3 31.Rc7 Re8 32.Bxf6+ Kxf6 33.Rd6+ Kg7 34.h6+ Kf8 35.Nxh7+ Kg8
36.Ng5 Nc5 37.Rxe7  1-0